| 000 | 00393nam a2200169Ia 4500 | ||
|---|---|---|---|
| 005 | 20251020182610.0 | ||
| 008 | 200515s9999 xx 000 0 und d | ||
| 082 | _aSC/628.13/G45 | ||
| 100 | _aGIBSON, Ulric SINGER, Rexford | ||
| 245 | 0 | _aManual de los pozos pequeños | |
| 260 | _aMéxico D.F. | ||
| 260 | _c1974 | ||
| 300 | _a181 | ||
| 650 | _aMANUAL | ||
| 650 | _aPOZOS | ||
| 942 | _cLIB | ||
| 999 |
_c3326 _d3326 |
||